000 00759nai a2200205Ia 4500
003 IN-BaIIA
008 211028c9999 xx s 000 0 eng d
022 _a1041-1135 (Print)
022 _a1941-0174 (Online)
040 _cIIA Library
245 0 _aIEEE Photonics Technology Letters
_h[eJournal]
260 _aNew York, USA
_bThe Institute of Electrical and Electronics Engineers, Inc. (IEEE)
310 _aSemi-monthly
362 _a1(1); 1989 - Present
521 _bSubscribed through National Knowledge Resource Consortium (NKRC)
650 _a Photonics and Electrooptics
650 _aEngineered Materials, Dielectrics and Plasmas
856 _uhttps://ieeexplore.ieee.org/servlet/opac?punumber=68
_yClick Here to Access eJournal
942 _cEJ
999 _c34575
_d34575